000 00682nam a2200193 i 4500
001 31235
003 ES-MaACL
005 20250901062524.0
007 t|
008 030128s1959 an ||||1| spa d
100 1 _aBeau de Lomenie, E.
_926802
245 1 3 _aLa Iglesia y el Estado /
_cE. Beau de Lomenie ; versión española de Tomás Lamarca.
260 _aAndorra :
_bCasal i Vall,
_c1959.
490 1 _aYo sé, yo creo : enciclopedia del católico en el siglo XX ;
_v88
700 1 _aLamarca, Tomás.
_969766
830 0 0 _aYo sé, yo creo: enciclopedia del católico del siglo XX
_v88
_9186579
852 _aES-MaACL
_jC-16239
_bR.44196
999 _c31235
_d31235